LEADER 01167nam2-2200385---450 001 9910159256103321 005 20230109093227.0 010 $a978-88-901478-4-9 100 $a20170127d2016----km-y0itay50------ba 101 0 $aita 102 $aIT 105 $aaf------001yy 200 1 $a<<10.: >>Posillipo$fItalo Ferraro 210 $aNapoli$cEdizioni Oikos$d2016 215 $a728 p.$cin gran parte ill.$d31 cm 461 0$1001000740694$12001$aNapoli : atlante della città storica$v10 610 0 $aArchitettura$aNapoli 676 $a720.945731$v22$zita 700 1$aFerraro,$bItalo$f<1941- >$010739 801 0$aIT$bUNINA$gRICA$2UNIMARC 901 $aBK 912 $a9910159256103321 952 $aSEZ.NA C 802/14$b433/2016$fFARBC 952 $aSEZ.NA C 802/14 BIS$b434/2016$fFARBC 952 $aSEZ.NA C 802/14 TER$b435/2016$fFARBC 952 $a03.1485$b283$fDARST 952 $a720.9457 ACS 1 (1)$fFLFBC 952 $a720.9457 ACS 1 (1) BIS$bBibl 2019$fFLFBC 952 $aXXX COD. 1038 (10)$b1915/2022$fFSPBC 959 $aFSPBC 959 $aFARBC 959 $aDARST 959 $aFLFBC 996 $aPosillipo$91469133 997 $aUNINA LEADER 02214nas 2200601- 450 001 9910134913303321 005 20260218110054.0 011 $a2695-8589 035 $a(CKB)110985822452578 035 $a(CONSER)--2017240103 035 $a(DE-599)ZDB2394271-X 035 $a(DE-599)2394271-X 035 $a(EXLCZ)99110985822452578 100 $a20170926c1987uuuu --- - 101 0 $aspa 181 $ctxt$2rdacontent 182 $cc$2rdamedia 183 $acr$2rdacarrier 200 00$aCuaternario y geomorfología 210 1$aZaragoza, España :$cSociedad Española de Geomorfología y Asociación Española para el Estudio del Cuaternario 215 $a1 online resource 300 $a"Revista de la Asociación Española para el Estudio del Cuaternario (AEQUA) y Sociedad Española de Geomorfología (SEG)." 300 $aRefereed/Peer-reviewed 311 08$aPrint version: Cuaternario y geomorfología. (DLC) 2017240103 (OCoLC)1004748328 0214-1744 517 1 $aRevista C & G 517 1 $aSpanish journal of quaternary & geomorphology 606 $aGeology, Stratigraphic$yQuaternary$vPeriodicals 606 $aGeomorphology$vPeriodicals 606 $aGeology$vPeriodicals 606 $aGeomorphology$zIberian Peninsula$vPeriodicals 606 $aGeology$zIberian Peninsula$vPeriodicals 606 $aGeology$2fast$3(OCoLC)fst00940627 606 $aGeology, Stratigraphic$2fast$3(OCoLC)fst00940727 606 $aGeomorphology$2fast$3(OCoLC)fst00940955 606 $aQuaternary Geologic Period$2fast$3(OCoLC)fst01354156 607 $aEurope$zIberian Peninsula$2fast 608 $aPeriodicals.$2fast 615 0$aGeology, Stratigraphic 615 0$aGeomorphology 615 0$aGeology 615 0$aGeomorphology 615 0$aGeology 615 7$aGeology. 615 7$aGeology, Stratigraphic. 615 7$aGeomorphology. 615 7$aQuaternary Geologic Period. 712 02$aSociedad Espan?ola de Geomorfologi?a, 712 02$aAsociacio?n Espan?ola para el Estudio del Cuaternario, 906 $aJOURNAL 912 $a9910134913303321 920 $aexl_impl conversion 996 $aCuaternario y geomorfología$92078518 997 $aUNINA